[Event "Reykjavik Open 2026"]
[Site "Reykjavik ISL"]
[Date "2026.03.31"]
[Round "9.41"]
[White "Williams, Simon K"]
[Black "Sterck, Arno"]
[Result "1-0"]
[WhiteTitle "GM"]
[BlackTitle "FM"]
[WhiteElo "2443"]
[BlackElo "2252"]
[WhiteFideId "404454"]
[BlackFideId "228249"]
[EventDate "2026.03.25"]

1. a4 d5 2. e3 Nf6 3. f4 Bf5 4. Nf3 e6 5. g3 Bc5 6. d3 a5 7. Bg2 O-O 8. O-O Nc6
9. h3 h6 10. g4 Bh7 11. c3 Bb6 12. Kh2 Qe7 13. b3 Rfd8 14. d4 Ne4 15. Ba3 Qe8
16. Qe1 Ne7 17. Nfd2 c5 18. Nxe4 dxe4 19. dxc5 Bc7 20. c4 Qc6 21. Nc3 Rd3 22.
Rd1 Rad8 23. Rxd3 Rxd3 24. Nb5 g5 25. Kh1 f5 26. Bb2 Qd7 27. Ba1 gxf4 28. exf4
Ng6 29. Nxc7 Qxc7 30. gxf5 exf5 31. Qf2 Rxb3 32. Rd1 Ra3 33. Qd4 Rxa1 34. Rxa1
Nxf4 35. Rd1 Bg6 36. Qf6 Kh7 37. Bxe4 Nh5 38. Qd6 Qg7 39. Bf3 Qc3 40. Bxh5 Qxh3+
41. Qh2 Qxh2+ 42. Kxh2 Bxh5 43. Rd7+ Kg6 44. Rxb7 Bf3 45. c6 Kf6 46. Rb8 1-0

[Event "Reykjavik Open 2026"]
[Site "Reykjavik ISL"]
[Date "2026.03.31"]
[Round "9.42"]
[White "Xu, Ruixi"]
[Black "Perchard, Matthew"]
[Result "1-0"]
[WhiteElo "1550"]
[BlackElo "1787"]
[WhiteFideId "8640610"]
[BlackFideId "343404235"]
[EventDate "2026.03.25"]

1. d4 Nf6 2. c4 e6 3. Nf3 d5 4. g3 dxc4 5. Bg2 Nbd7 6. Qc2 a6 7. Qxc4 b5 8. Qc2
Bb7 9. O-O c5 10. Be3 Be4 11. Qd2 Nd5 12. Nc3 Nxe3 13. Qxe3 Bxf3 14. Bxf3 cxd4
15. Qxd4 Nf6 16. Bc6+ 1-0

[Event "Reykjavik Open 2026"]
[Site "Reykjavik ISL"]
[Date "2026.03.31"]
[Round "9.43"]
[White "Loncke, Matthieu"]
[Black "Zhu, Yilun"]
[Result "1/2-1/2"]
[WhiteElo "2263"]
[BlackElo "2087"]
[WhiteFideId "45197148"]
[BlackFideId "8609292"]
[EventDate "2026.03.25"]

1. d4 Nf6 2. c4 e6 3. Nc3 Bb4 4. Qc2 O-O 5. Nf3 d5 6. cxd5 exd5 7. Bg5 h6 8. Bh4
c5 9. dxc5 Nbd7 10. e3 g5 11. Bg3 Nxc5 12. Be2 Nfe4 13. O-O Bxc3 14. bxc3 Bf5
15. Qb2 Nxg3 16. hxg3 Qc7 17. c4 dxc4 18. Bxc4 Qe7 19. Nd4 Bg6 20. a4 Rac8 21.
Rfc1 Rfd8 22. Qa3 Kf8 23. Be2 Ne4 24. Rxc8 Rxc8 25. Qb2 Kg8 26. Bf3 Rc4 27. Bxe4
Bxe4 28. a5 Qc5 29. Kh2 Qd5 30. f3 Bg6 31. a6 b6 32. Qb5 Rc5 33. Qe8+ Kh7 34.
Qe7 Qa8 35. Qb7 Qe8 36. Qxa7 Qxe3 37. Qd7 Qc3 38. Nb3 g4 39. fxg4 Qxb3 40. a7
Be4 41. a8=Q Bxa8 42. Rxa8 Ra5 43. Rb8 Rg5 44. Qd4 Rg8 45. Rxb6 Rxg4 46. Rxh6+
Kxh6 47. Qxg4 Qd5 48. Qf4+ Kg6 49. g4 f6 50. Kh3 Qd3+ 51. Qf3 Qb1 52. Kh2 Qb8+
53. Qg3 Qb1 54. Qh4 Qb8+ 55. Kh3 Qb3+ 56. Qg3 Qb1 57. Qe3 Qh1+ 58. Kg3 Qb1 59.
Qe8+ Kg7 60. Qe7+ Kg6 61. Qe8+ Kg7 62. Qe7+ Kg6 63. Qe8+ 1/2-1/2

[Event "Reykjavik Open 2026"]
[Site "Reykjavik ISL"]
[Date "2026.03.31"]
[Round "9.44"]
[White "Brzezina, Pawel"]
[Black "Kamp, Aaron"]
[Result "1-0"]
[WhiteTitle "CM"]
[WhiteElo "2248"]
[BlackElo "2069"]
[WhiteFideId "21078866"]
[BlackFideId "16231120"]
[EventDate "2026.03.25"]

1. e4 c5 2. Nf3 d6 3. d4 cxd4 4. Qxd4 Nc6 5. Qd3 g6 6. Nc3 Bg7 7. Be2 Nf6 8. Nd5
O-O 9. c3 Nxd5 10. exd5 Ne5 11. Nxe5 dxe5 12. c4 Bf5 13. Qb3 Qd6 14. Be3 b6 15.
O-O h5 16. Rfd1 Rac8 17. a4 e6 18. a5 exd5 19. Rxd5 Qc6 20. axb6 axb6 21. Qxb6
Qxb6 22. Bxb6 e4 23. Rb1 e3 24. Rxf5 gxf5 25. Bxe3 Be5 26. f4 Bd6 27. b4 Rfe8
28. Kf2 Re4 29. Bd3 Rexc4 30. Bxc4 Rxc4 31. b5 Rc2+ 32. Kf1 Kf8 33. b6 Ke7 34.
b7 Bb8 35. Bd4 f6 36. Rb6 Rc1+ 37. Kf2 Kd7 38. Bxf6 Kc7 39. Rb2 Ba7+ 40. Kg3 Bb6
41. Rxb6 1-0

[Event "Reykjavik Open 2026"]
[Site "Reykjavik ISL"]
[Date "2026.03.31"]
[Round "9.45"]
[White "Plaskan, Jure"]
[Black "Oskarsson, Markus Orri"]
[Result "1/2-1/2"]
[WhiteElo "2237"]
[BlackElo "2049"]
[WhiteFideId "14605252"]
[BlackFideId "2320118"]
[EventDate "2026.03.25"]

1. b4 e5 2. Bb2 Bxb4 3. Bxe5 Nf6 4. e3 O-O 5. c3 Be7 6. d4 Nc6 7. Bxf6 Bxf6 8.
Bd3 d5 9. Nd2 Re8 10. Ne2 g6 11. O-O Bg7 12. Nf4 Ne7 13. Qf3 c6 14. c4 dxc4 15.
Bxc4 Nf5 16. Rac1 Nd6 17. Bb3 a5 18. a4 Bf5 19. Rfd1 Ne4 20. Nh5 Qd7 21. Nxg7
Kxg7 22. h3 Nxd2 23. Rxd2 Qe7 24. Rc5 b6 25. Rxf5 gxf5 26. Qxc6 Rac8 27. Qf3
Rc1+ 28. Kh2 Qc7+ 29. g3 Qc3 30. Qd5 Re7 31. Re2 Qd3 32. Rb2 Qf1 33. Qg2 Qxg2+
34. Kxg2 Ra1 35. Bc2 Rb7 36. Rb5 Ra2 37. Bd1 Kf6 38. Kf3 Rd2 39. Be2 Kg6 40. h4
f6 41. Bc4 Re7 42. Bd5 Rc7 43. Be6 Rc6 44. Bxf5+ Kg7 45. h5 Ra2 46. Rd5 h6 47.
Rd7+ Kf8 48. d5 Rc5 49. Be6 Rd2 50. d6 Ke8 51. e4 Re5 52. Re7+ Kd8 53. Rd7+ Ke8
54. Re7+ Kd8 55. Rd7+ 1/2-1/2

[Event "Reykjavik Open 2026"]
[Site "Reykjavik ISL"]
[Date "2026.03.31"]
[Round "9.46"]
[White "Vincenti, Leonardo"]
[Black "Mariller, Romain"]
[Result "1-0"]
[WhiteTitle "FM"]
[WhiteElo "2226"]
[BlackElo "2031"]
[WhiteFideId "28550820"]
[BlackFideId "45136912"]
[EventDate "2026.03.25"]

1. e4 c5 2. Nf3 d6 3. d4 cxd4 4. Nxd4 Nf6 5. Nc3 g6 6. Be3 Nc6 7. f3 h5 8. Qd2
Nxd4 9. Bxd4 Bh6 10. Be3 Bxe3 11. Qxe3 Be6 12. O-O-O Qa5 13. Bb5+ Kf8 14. a3 Kg7
15. h3 Rhc8 16. Be2 Rab8 17. g4 b5 18. e5 Nd7 19. exd6 b4 20. Ne4 bxa3 21. Qxa3
Qe5 22. dxe7 Bb3 23. Rd2 Bd5 24. Nd6 Rc5 1-0

[Event "Reykjavik Open 2026"]
[Site "Reykjavik ISL"]
[Date "2026.03.31"]
[Round "9.47"]
[White "Davidsson, Oskar Vikingur"]
[Black "Vojtek, Vladimir"]
[Result "1/2-1/2"]
[BlackTitle "FM"]
[WhiteElo "1933"]
[BlackElo "2211"]
[WhiteFideId "2310627"]
[BlackFideId "14901919"]
[EventDate "2026.03.25"]

1. e4 c5 2. c3 Qa5 3. Nf3 Nc6 4. d3 e6 5. Be2 d5 6. exd5 exd5 7. d4 Nf6 8. dxc5
Qxc5 9. Be3 Qd6 10. Nd4 a6 11. O-O Be7 12. Nd2 O-O 13. Re1 Re8 14. Nf1 Bf8 15.
Ng3 g6 16. Bf3 Bd7 17. Nxc6 bxc6 18. Bd4 Bg7 19. b4 Rxe1+ 20. Qxe1 a5 21. a3 Be6
22. Bb6 axb4 23. axb4 Re8 24. Qd2 Bg4 25. Bxg4 Nxg4 26. Bd4 Qe6 27. Bxg7 Kxg7
28. Qd4+ Nf6 29. h3 Qe5 30. Qc5 Re6 31. Ra8 Qd6 32. Qxd6 Rxd6 33. Ne2 Rd7 34.
Rc8 Ra7 35. Rxc6 Ra1+ 36. Kh2 Ra2 37. Nd4 Rxf2 38. b5 Rb2 39. b6 h5 1/2-1/2

[Event "Reykjavik Open 2026"]
[Site "Reykjavik ISL"]
[Date "2026.03.31"]
[Round "9.48"]
[White "Pleschke, Julius Jonas"]
[Black "Hill, Andy"]
[Result "1-0"]
[WhiteTitle "CM"]
[WhiteElo "2208"]
[BlackElo "2030"]
[WhiteFideId "54734258"]
[BlackFideId "499927"]
[EventDate "2026.03.25"]

1. d4 Nf6 2. c4 g6 3. Nc3 Bg7 4. e4 d6 5. Nf3 O-O 6. Be2 Nbd7 7. O-O e5 8. Re1
Qe7 9. Be3 h6 10. h3 exd4 11. Nxd4 c6 12. f3 d5 13. cxd5 cxd5 14. Ndb5 Nb6 15.
Nxa7 Qd8 16. Nab5 Be6 17. Qd2 Kh7 18. Rad1 Nfd7 19. exd5 Bf5 20. Nd4 Bxh3 21.
gxh3 Qh4 22. Kg2 Be5 23. f4 Bb8 24. Nf3 Qd8 25. Bf2 Rg8 26. Qd4 f6 27. Bd3 Ba7
28. Qe4 Rg7 29. Nd4 Nc5 30. Qf3 1-0

[Event "Reykjavik Open 2026"]
[Site "Reykjavik ISL"]
[Date "2026.03.31"]
[Round "9.50"]
[White "Matsumura, Cocoro"]
[Black "Jukes, Sam"]
[Result "1-0"]
[WhiteTitle "CM"]
[WhiteElo "2202"]
[BlackElo "1905"]
[WhiteFideId "36087114"]
[BlackFideId "1803182"]
[EventDate "2026.03.25"]

1. e4 e5 2. Nf3 Nc6 3. Bb5 a6 4. Ba4 Nf6 5. O-O d6 6. Re1 Bd7 7. c3 g6 8. d4 Bg7
9. h3 O-O 10. Nbd2 exd4 11. cxd4 Nb4 12. Bb3 Nd3 13. Re3 Nxc1 14. Rxc1 Nh5 15.
e5 Nf4 16. Re4 Bh6 17. Qc2 Bf5 18. Qd1 d5 19. Re3 Nd3 20. Rc3 Bxe3 21. fxe3 Nxb2
22. Qa1 Nd3 23. Bc2 Nb4 24. Bxf5 gxf5 25. Qb1 c5 26. Rxc5 b6 27. Rc3 Nxa2 28.
Qxa2 Qd7 29. Qb1 b5 30. Nb3 a5 31. Nc5 Qc8 32. Qxb5 f4 33. exf4 Qf5 34. Qd3 Qxd3
35. Rxd3 Rfb8 36. Ra3 Rb2 37. f5 Kg7 38. Kh2 Rc2 39. Kg3 1-0

[Event "Reykjavik Open 2026"]
[Site "Reykjavik ISL"]
[Date "2026.03.31"]
[Round "9.51"]
[White "Zhou, Abigail"]
[Black "Birkisson, Bjorn Holm"]
[Result "1/2-1/2"]
[WhiteTitle "WCM"]
[BlackTitle "CM"]
[WhiteElo "1771"]
[BlackElo "2200"]
[WhiteFideId "39922081"]
[BlackFideId "2310600"]
[EventDate "2026.03.25"]

1. e4 e5 2. Nf3 Nc6 3. Bc4 Nf6 4. d3 Bc5 5. c3 a6 6. O-O Ba7 7. Nbd2 d6 8. Bb3
O-O 9. Re1 Ng4 10. Re2 Kh8 11. Nf1 f5 12. exf5 Bxf5 13. Ng3 Bd7 14. d4 exd4 15.
Bg5 Qc8 16. Nxd4 Nce5 17. Bc2 c5 18. Nb3 Bb5 19. c4 Bxc4 20. Rd2 Bxb3 21. axb3
Nxf2 22. Rxf2 c4 23. Ne4 Ng4 24. Bh4 Ne3 25. Qe2 d5 26. Rxf8+ Qxf8 27. Nf2 Qf4
28. Bg3 Qd4 29. Rb1 Ng4 30. h3 cxb3 31. Bxb3 Nf6 32. Rd1 Qb4 33. Bc2 Re8 34. Qd2
Qxd2 35. Rxd2 Re1+ 36. Kh2 Be3 37. Rd3 Re2 38. Bd1 Rxf2 39. Bxf2 Bxf2 40. Bf3
Kg8 41. Bxd5+ Nxd5 42. Rxd5 b6 43. Rd8+ Kf7 44. Rd7+ Kf6 45. Rd6+ Ke5 46. Rd7
Kf6 47. Rd6+ Ke5 48. Rd7 Kf6 1/2-1/2

[Event "Reykjavik Open 2026"]
[Site "Reykjavik ISL"]
[Date "2026.03.31"]
[Round "9.52"]
[White "Roubalik, Jakub"]
[Black "Petursson, Gudni"]
[Result "1-0"]
[WhiteTitle "IM"]
[WhiteElo "2316"]
[BlackElo "2027"]
[WhiteFideId "322237"]
[BlackFideId "2301725"]
[EventDate "2026.03.25"]

1. d4 d5 2. Nf3 Nf6 3. c4 e6 4. Nc3 Be7 5. Bf4 O-O 6. e3 b6 7. cxd5 exd5 8. Bd3
Bb7 9. Qc2 c5 10. O-O Nc6 11. a3 cxd4 12. exd4 h6 13. Rfe1 Bd6 14. Qd2 Bxf4 15.
Qxf4 Bc8 16. Ne5 Bd7 17. Rac1 Re8 18. h3 Ne7 19. Nxd7 Qxd7 20. Bb5 Nc6 21. Rxe8+
Rxe8 22. Na2 Rc8 23. Nb4 Nxb4 24. Bxd7 1-0

[Event "Reykjavik Open 2026"]
[Site "Reykjavik ISL"]
[Date "2026.03.31"]
[Round "9.53"]
[White "Bathula, Abhinav Reddy"]
[Black "Unuk, Laura"]
[Result "0-1"]
[BlackTitle "IM"]
[WhiteElo "2020"]
[BlackElo "2314"]
[WhiteFideId "35005693"]
[BlackFideId "14609215"]
[EventDate "2026.03.25"]

1. e4 c6 2. d4 d5 3. e5 Bf5 4. h4 h5 5. Bg5 Qb6 6. Bd3 Qxd4 7. Nf3 Qg4 8. Bxf5
Qxf5 9. O-O Qd7 10. Qe2 e6 11. c4 Ne7 12. Nd4 Na6 13. Nc3 dxc4 14. Rfd1 Nd5 15.
Qxc4 Be7 16. Ne4 Bxg5 17. Nxg5 Qc7 18. Rac1 Qb6 19. Qe2 Rd8 20. a3 Nf4 21. Qf3
Rxd4 22. g3 f6 23. exf6 gxf6 24. Nxe6 Nxe6 25. Qxf6 Rh7 26. Qxe6+ Re7 27. Qg8+
Kd7 28. Qf8 c5 29. Qf5+ Qe6 30. Rxd4+ cxd4 31. Qb5+ Kd8 32. Rd1 Rd7 33. Qxh5 Qf6
34. g4 Nc7 35. g5 Qe5 36. Qg4 Ne6 37. g6 Nf4 38. Kf1 d3 39. Re1 Qe2+ 40. Rxe2
dxe2+ 41. Qxe2 Nxe2 42. Kxe2 Ke7 43. h5 Kf6 44. f4 Rd5 0-1

[Event "Reykjavik Open 2026"]
[Site "Reykjavik ISL"]
[Date "2026.03.31"]
[Round "9.54"]
[White "Kejna, Piotr"]
[Black "Schmid, Bernhard"]
[Result "1-0"]
[WhiteTitle "FM"]
[WhiteElo "2310"]
[BlackElo "2015"]
[WhiteFideId "21821704"]
[BlackFideId "12915467"]
[EventDate "2026.03.25"]

1. e4 e5 2. Nf3 Nc6 3. Bc4 Nf6 4. d3 h6 5. O-O d6 6. a4 g5 7. Nc3 Bg4 8. Be3 Bg7
9. Re1 O-O 10. a5 a6 11. h3 Be6 12. Bxe6 fxe6 13. d4 exd4 14. Nxd4 Nxd4 15. Bxd4
Nd7 16. Ra4 Bxd4 17. Qxd4 Qf6 18. Qd2 Ne5 19. Re3 Rad8 20. Rg3 Rd7 21. Nd1 d5
22. exd5 Rxd5 23. Qe1 Ng6 24. Re4 Nf4 25. Ne3 Rd6 26. Ng4 Qd8 27. Kh2 Kh7 28.
Qb4 Rd2 29. Qxb7 Qd6 30. Rc4 Nd5 31. Rc6 Qf4 32. Rxe6 h5 33. Rh6+ Kg7 34. Rxh5
Rd1 35. Ne3 Nxe3 36. fxe3 Qd6 37. Rxg5+ Kh6 38. Qe4 1-0

[Event "Reykjavik Open 2026"]
[Site "Reykjavik ISL"]
[Date "2026.03.31"]
[Round "9.55"]
[White "Yu, Jennifer"]
[Black "Maton, Emily"]
[Result "1-0"]
[WhiteTitle "FM"]
[WhiteElo "2299"]
[BlackElo "2016"]
[WhiteFideId "2078341"]
[BlackFideId "343120293"]
[EventDate "2026.03.25"]

1. c4 c5 2. g3 g6 3. Bg2 Bg7 4. Nc3 Nc6 5. Nf3 Nf6 6. O-O O-O 7. d4 cxd4 8. Nxd4
Qb6 9. Nc2 d6 10. b3 Bf5 11. e4 Bg4 12. Qe1 Ne5 13. Be3 Qc7 14. f4 Nc6 15. h3
Bc8 16. Nd4 a6 17. Rd1 Rb8 18. Kh2 e6 19. Qd2 Rd8 20. Nxc6 bxc6 21. e5 Ne8 22.
Na4 a5 23. Qf2 Rd7 24. Bb6 Qb7 25. exd6 Rxd6 26. Rxd6 Nxd6 27. Rd1 Ne8 28. Bxa5
Bf6 29. Qc5 Be7 30. Qxc6 Qxc6 31. Bxc6 Bb7 32. Bxb7 Rxb7 33. c5 Rb8 34. Rd7 1-0

[Event "Reykjavik Open 2026"]
[Site "Reykjavik ISL"]
[Date "2026.03.31"]
[Round "9.56"]
[White "Van de Steeg, Tim"]
[Black "Moor, Olivier"]
[Result "0-1"]
[BlackTitle "IM"]
[WhiteElo "2002"]
[BlackElo "2290"]
[WhiteFideId "40108112"]
[BlackFideId "1303112"]
[EventDate "2026.03.25"]

1. d4 Nf6 2. Bg5 Ne4 3. Bf4 c5 4. f3 Nf6 5. dxc5 Qa5+ 6. Qd2 Qxc5 7. e4 d6 8.
Nc3 a6 9. O-O-O Nbd7 10. g4 h6 11. Nge2 Nb6 12. Be3 Nc4 13. Bxc5 Nxd2 14. Rxd2
dxc5 15. e5 Nd7 16. Nd5 Rb8 17. e6 fxe6 18. Nc7+ Kf7 19. Nf4 Nb6 20. Rd8 g5 21.
Nfxe6 Bg7 22. Rxh8 Bxh8 23. Nxc5 Be5 24. N5xa6 bxa6 25. Nxa6 Bxa6 26. Bxa6 Ra8 0-1

[Event "Reykjavik Open 2026"]
[Site "Reykjavik ISL"]
[Date "2026.03.31"]
[Round "9.57"]
[White "Willy, Stephen"]
[Black "Striskova, Lucia"]
[Result "1-0"]
[WhiteTitle "FM"]
[BlackTitle "WFM"]
[WhiteElo "2290"]
[BlackElo "2010"]
[WhiteFideId "30981468"]
[BlackFideId "14960958"]
[EventDate "2026.03.25"]

1. e4 e5 2. Nf3 Nc6 3. Bb5 Nf6 4. d3 Bc5 5. c3 d6 6. Bg5 h6 7. Bh4 Bd7 8. O-O
Bb6 9. Nbd2 Qe7 10. d4 Nb8 11. Bd3 Bg4 12. Nc4 Nbd7 13. Ne3 g5 14. Bg3 O-O-O 15.
a4 c6 16. a5 Bc7 17. a6 b6 18. Qa4 Nb8 19. d5 c5 20. Nxg4 Nxg4 21. Bb5 Rdg8 22.
Bc6 Nf6 23. Bb7+ Kd8 24. Rad1 Nfd7 25. b4 f6 26. Rfe1 Rh7 27. Bc6 Qg7 28. Bb5
Qe7 29. Kf1 Qf7 30. Ke2 Rhg7 31. Bd3 Qe8 32. Bb5 Qf7 33. Kd2 h5 34. h4 g4 35.
Nh2 f5 36. exf5 Qxd5+ 37. Kc2 Qf7 38. Nf1 Qxf5+ 39. Kb2 Rf8 40. Ne3 Qe6 41. Bc4
Qe8 42. Nd5 Kc8 43. Qc2 Nf6 44. Nxc7 Kxc7 45. Rxd6 Re7 46. bxc5 bxc5 47. Qb3 Nc6
48. Kc2 Na5 49. Qa3 Kxd6 50. Rd1+ Kc7 51. Qxa5+ Kb8 52. Rb1+ Ka8 53. Qxc5 Qa4+
54. Bb3 Qe4+ 55. Kc1 Qe1+ 56. Bd1 1-0

[Event "Reykjavik Open 2026"]
[Site "Reykjavik ISL"]
[Date "2026.03.31"]
[Round "9.58"]
[White "Dalhouse, Justin"]
[Black "Ruiz Buendia, Miguel"]
[Result "0-1"]
[BlackTitle "FM"]
[WhiteElo "1989"]
[BlackElo "2279"]
[WhiteFideId "30902894"]
[BlackFideId "24537675"]
[EventDate "2026.03.25"]

1. e4 e5 2. Nf3 Nc6 3. Bc4 Nf6 4. d3 Bc5 5. c3 a5 6. a4 d6 7. O-O O-O 8. h3 h6
9. Bb3 Be6 10. Bc2 d5 11. d4 dxe4 12. Nxe5 Nxe5 13. dxe5 Nd7 14. Bxe4 Nxe5 15.
Qxd8 Rfxd8 16. Bf4 Nd3 17. Bxc7 Nxf2 18. Bxb7 Ra7 19. Bxd8 Rxb7 20. Rxf2 Rxb2
21. Bh4 g5 22. Bg3 f5 23. Nd2 Rxd2 24. Kf1 Bc4+ 25. Ke1 Bxf2+ 26. Kxd2 Bxg3 27.
Rb1 f4 28. Rb6 Bf1 29. Rxh6 Kf7 30. Rb6 Bxg2 31. Rb5 f3 32. Ke3 f2 33. Rf5+ Kg6
34. Rxf2 Bxf2+ 35. Kxf2 Bxh3 36. c4 Bd7 0-1

[Event "Reykjavik Open 2026"]
[Site "Reykjavik ISL"]
[Date "2026.03.31"]
[Round "9.59"]
[White "Hanisch, Sebastian"]
[Black "De Vleeschauwer, Maarten"]
[Result "0-1"]
[BlackTitle "FM"]
[WhiteElo "1984"]
[BlackElo "2277"]
[WhiteFideId "24668150"]
[BlackFideId "214809"]
[EventDate "2026.03.25"]

1. d4 d5 2. Bf4 c5 3. e3 cxd4 4. exd4 Nc6 5. c3 Bf5 6. Nf3 e6 7. Qb3 Qd7 8. Ne5
Nxe5 9. Bxe5 Ne7 10. Nd2 Nc6 11. Bg3 Bd6 12. Nf3 O-O 13. Nh4 Rfe8 14. O-O-O Rab8
15. Nxf5 exf5 16. Bxd6 Qxd6 17. Qc2 g6 18. h4 b5 19. Kb1 h5 20. f3 f4 21. Qd2
Qf6 22. Ka1 b4 23. c4 Nxd4 24. cxd5 b3 25. Bc4 Nc2+ 26. Kb1 bxa2+ 27. Kxc2 Rxb2+
28. Kd3 Rxd2+ 29. Kxd2 Qb2+ 30. Kd3 Re3# 0-1

[Event "Reykjavik Open 2026"]
[Site "Reykjavik ISL"]
[Date "2026.03.31"]
[Round "9.60"]
[White "Vedant Nayudu"]
[Black "Sivanandan, Bodhana"]
[Result "0-1"]
[BlackTitle "WIM"]
[WhiteElo "1975"]
[BlackElo "2268"]
[WhiteFideId "33369780"]
[BlackFideId "497592"]
[EventDate "2026.03.25"]

1. e4 e5 2. Nf3 Nf6 3. Nxe5 d6 4. Nf3 Nxe4 5. Nc3 Nxc3 6. dxc3 Be7 7. Be3 O-O 8.
Qd2 Nd7 9. O-O-O Nf6 10. Bd3 Re8 11. Rhe1 Bg4 12. Bg5 Qd7 13. h3 Bxf3 14. gxf3
Qd8 15. Rg1 Nd7 16. Bh6 g6 17. f4 Nc5 18. Bc4 Bf8 19. f5 Qh4 20. Bxf7+ Kxf7 21.
Qd5+ Ne6 22. fxe6+ Rxe6 23. Bxf8 c6 24. Qa5 Kxf8 25. Qc7 Qe7 26. Qa5 a6 27. Qb4
d5 28. Qd4 Kg8 29. Rg3 Rf8 30. a3 Re2 31. f3 Qd6 32. Qg4 Qe5 33. h4 Re1 34. Rg1
Qe3+ 35. Kb1 Rxd1+ 36. Rxd1 Qxf3 37. Qe6+ Qf7 38. Qd6 Qf6 39. Qd7 Rf7 40. Qc8+
Kg7 41. Rh1 Qf3 42. Re1 Qg3 43. Rh1 Qg2 44. Re1 Qd2 45. Rg1 Re7 46. Qd8 Re2 47.
Ka2 Qe3 48. Rf1 Qe7 49. Qxe7+ Rxe7 50. Kb3 Re4 51. Rh1 h6 52. a4 g5 53. hxg5
hxg5 54. Ka3 g4 55. Rg1 Kg6 56. b3 Kg5 57. Kb2 Re7 58. Kc1 Kh4 59. Kd2 g3 60.
Rh1+ Kg4 61. Rh8 g2 62. Rg8+ Kf3 63. Rf8+ Kg3 64. Rg8+ Kf2 65. Rf8+ Kg1 66. Rh8
Re4 67. Kd3 Kf2 0-1

[Event "Reykjavik Open 2026"]
[Site "Reykjavik ISL"]
[Date "2026.03.31"]
[Round "9.61"]
[White "Van Meurs, Rob"]
[Black "Briem, Benedikt"]
[Result "0-1"]
[BlackTitle "CM"]
[WhiteElo "1964"]
[BlackElo "2233"]
[WhiteFideId "1012932"]
[BlackFideId "2315432"]
[EventDate "2026.03.25"]

1. e4 e6 2. d4 d5 3. e5 c5 4. c3 Qb6 5. Nf3 Bd7 6. Bd3 Bb5 7. O-O Bxd3 8. Qxd3
cxd4 9. Re1 Nc6 10. h4 Rc8 11. h5 h6 12. a3 dxc3 13. Nxc3 Bc5 14. Qe2 Nd4 15.
Nxd4 Bxd4 16. Nb5 Bxf2+ 17. Kh1 Rc4 18. Nd6+ Qxd6 19. Qxf2 Qd8 20. g3 Ne7 21.
Qxa7 O-O 22. Qf2 Qc7 23. Bf4 Rc8 24. Re2 Nf5 25. Rd1 Qc6 26. Kh2 Rc2 27. g4 Ne7
28. Bd2 Rxb2 29. Rf1 Qe8 30. Bb4 Rxe2 31. Qxe2 Nc6 32. Bd6 Nd4 33. Qe3 Rc2+ 34.
Kh1 Nb5 35. g5 d4 36. Qg3 hxg5 37. Qxg5 Nxd6 38. h6 Nf5 39. Rxf5 Qc6+ 40. Kg1
Qg2+ 0-1

[Event "Reykjavik Open 2026"]
[Site "Reykjavik ISL"]
[Date "2026.03.31"]
[Round "9.62"]
[White "Mahalakshmi, M"]
[Black "Briem, Gudrun Fanney"]
[Result "1-0"]
[WhiteTitle "WIM"]
[BlackTitle "WCM"]
[WhiteElo "2232"]
[BlackElo "1993"]
[WhiteFideId "5001080"]
[BlackFideId "2317486"]
[EventDate "2026.03.25"]

1. d4 d5 2. c4 e6 3. Nc3 Nf6 4. Nf3 Nbd7 5. Bf4 Bb4 6. e3 c5 7. Bd3 Qa5 8. O-O
cxd4 9. Nb5 O-O 10. a3 dxc4 11. Bxc4 Be7 12. b4 Qd8 13. Bc7 Qe8 14. Qxd4 Nd5 15.
e4 N5b6 16. Nd6 e5 17. Qd3 Bxd6 18. Bxd6 Nxc4 19. Qxc4 Nb6 20. Qc5 Na4 21. Qc7
f6 22. Bxf8 Kxf8 23. Rfd1 Bg4 24. Rac1 b5 25. Rc2 Kg8 26. Rcd2 Bxf3 27. gxf3
Qg6+ 28. Kf1 h5 29. Rd8+ Rxd8 30. Rxd8+ Kh7 31. Qc8 Kh6 32. h4 Qh7 33. Rh8 Kg6
34. Qf5+ 1-0

[Event "Reykjavik Open 2026"]
[Site "Reykjavik ISL"]
[Date "2026.03.31"]
[Round "9.63"]
[White "Fossheim, Yngve"]
[Black "Omarsson, Adam"]
[Result "1-0"]
[BlackTitle "CM"]
[WhiteElo "2208"]
[BlackElo "1961"]
[WhiteFideId "1512277"]
[BlackFideId "2311453"]
[EventDate "2026.03.25"]

1. e4 d6 2. c4 Nf6 3. Nc3 g6 4. d4 Bg7 5. Be2 O-O 6. Be3 c5 7. d5 e6 8. h3 exd5
9. exd5 Na6 10. Nf3 Nc7 11. O-O a6 12. a4 b6 13. Qc2 Rb8 14. Bd3 b5 15. b3 Bd7
16. axb5 axb5 17. Bf4 Rb6 18. Rad1 bxc4 19. bxc4 Na6 20. Qd2 Nb4 21. Bb1 Re8 22.
Rfe1 Qa8 23. Rxe8+ Nxe8 24. Qe3 Rb7 25. Re1 Qa3 26. Qxe8+ Bxe8 27. Rxe8+ Bf8 28.
Bh6 Qc1+ 29. Bxc1 1-0

[Event "Reykjavik Open 2026"]
[Site "Reykjavik ISL"]
[Date "2026.03.31"]
[Round "9.64"]
[White "Braak, Richard"]
[Black "Birkisson, Bardur Orn"]
[Result "0-1"]
[BlackTitle "FM"]
[WhiteElo "1955"]
[BlackElo "2207"]
[WhiteFideId "24626422"]
[BlackFideId "2310597"]
[EventDate "2026.03.25"]

1. d4 f5 2. Bg5 g6 3. e3 Bg7 4. Nc3 Nf6 5. Bc4 d6 6. Nf3 h6 7. Bh4 e6 8. O-O g5
9. Bg3 Qe7 10. h4 g4 11. Ne1 Nbd7 12. Nd3 Nh5 13. Nf4 Nxf4 14. exf4 Nb6 15. Bb3
O-O 16. Re1 Qf6 17. d5 exd5 18. Nxd5 Nxd5 19. Qxd5+ Kh8 20. c3 Rb8 21. Qa5 b6
22. Qxa7 Bb7 23. Re6 Qd8 24. Re3 Qd7 25. Qa4 b5 26. Qa3 Ra8 27. Ba4 Rxa4 28. Qb3
Qc6 29. f3 gxf3 30. gxf3 Raa8 31. Kh2 Rae8 32. Re6 Qxf3 33. Rg1 Bd5 34. Rxe8
Rxe8 35. Qxb5 Re2+ 0-1

[Event "Reykjavik Open 2026"]
[Site "Reykjavik ISL"]
[Date "2026.03.31"]
[Round "9.65"]
[White "Hallmundarson, Birkir"]
[Black "Vemparala, Nikash"]
[Result "0-1"]
[BlackTitle "CM"]
[WhiteElo "1949"]
[BlackElo "2201"]
[WhiteFideId "2319446"]
[BlackFideId "30960967"]
[EventDate "2026.03.25"]

1. Nf3 d5 2. d4 Nf6 3. c4 e6 4. Nc3 h6 5. Bf4 Bd6 6. Bxd6 Qxd6 7. c5 Qe7 8. e3
Nbd7 9. Bd3 e5 10. Nxe5 Nxe5 11. dxe5 Qxe5 12. Qe2 c6 13. h3 Qe7 14. Na4 O-O 15.
O-O Re8 16. Rfe1 Ne4 17. Bxe4 Qxe4 18. b3 Re5 19. Kh2 Rg5 20. f4 Rg6 21. Rad1
Bf5 22. g4 Bd7 23. Rd4 Qe7 24. f5 Qe5+ 25. Rf4 Rf6 26. Qb2 Re8 27. Qxe5 Rxe5 28.
Kg3 g6 29. fxg6 Rxg6 30. Kf3 h5 31. e4 hxg4+ 32. hxg4 Reg5 33. Rg1 dxe4+ 34.
Rxe4 f5 35. Rd4 fxg4+ 36. Kg3 Be6 37. Rd8+ Kg7 38. Rb8 Rh5 39. Rxb7+ Kh6 40.
Rxa7 Rh3+ 41. Kf4 Bd5 42. Rxg4 Rf3+ 43. Ke5 Rxg4 44. Ra8 Rg6 45. Kd4 Rgf6 46.
Nc3 R6f4+ 47. Ke5 Rf5+ 48. Kd4 Kg5 49. Ne4+ Bxe4 50. Kxe4 R3f4+ 51. Ke3 Re5+ 52.
Kd3 Rxc5 53. Rc8 Rff5 54. a4 Kf4 55. b4 Rfd5+ 56. Ke2 Rc2+ 57. Ke1 Rh5 58. Rf8+
Ke4 59. Re8+ Kd4 60. Rd8+ Kc3 61. Rf8 Rh1+ 62. Rf1 Rc1+ 0-1